La provincia de Atacama: Bosquejo estadístico

Tallennettuna:
Bibliografiset tiedot
Päätekijä: Gormaz, Juan José (Tekijä)
Yhteisötekijä: Intendencia provincial de Atacama (Tekijä)
Aineistotyyppi: Kirja
Kieli:espanja
Julkaistu: Copiapó Imprenta del Atacama 1878
Painos:1a. ed
Aiheet:
Tagit: Lisää tagi
Ei tageja, Lisää ensimmäinen tagi!

MARC

LEADER 00000nam a2200000 a 4500
001 UCJ4157
003 CL-VaPUC
008 070124e18780400CL |||||||||||||||||spa|d
082 0 4 |a 918.3  |b GOR  |2 21 
100 0 |a Gormaz, Juan José  |e author  |9 507214 
110 2 |a Intendencia provincial de Atacama  |e author  |9 507215 
245 1 3 |a La provincia de Atacama: Bosquejo estadístico 
250 |a 1a. ed 
300 |a xxxx, 231 p 
942 |c BK 
945 |d 20070124 00:00:00  |a rinostro 
260 |a Copiapó  |b Imprenta del Atacama  |c 1878 
500 |a Relación muy copiosa de la geografía de Atacama; incluye una nómina de Correjidores y Justicias Mayores, Gobernadores e Intendentes que ha tenido la provincia desde 1717 hasta 1878, tanto titulares como suplentes 
600 0 7 |a GRAJALES, JOSE  |2 CL-VaPUC  |9 507216 
600 0 7 |a PISSIS, AMADEO  |2 CL-VaPUC  |9 373352 
600 0 |a Domeyko, Ignacio  |9 326006 
600 0 7 |a VILLANUEVA, AUGUSTO  |2 CL-VaPUC  |9 507217 
600 0 7 |a FONSECA, ENRIQUE  |2 CL-VaPUC  |9 507218 
650 7 |a OROGRAFIA  |2 CL-VaPUC  |9 267347 
650 7 |a HIDROGRAFIA  |2 CL-VaPUC  |9 261115 
650 0 |a Geología   |9 260984 
650 0 |a Clima  |9 265281 
650 7 |a DIVISION POLITICA  |2 CL-VaPUC  |9 469494 
650 0 |a Administración  |9 259325 
650 0 |a Recursos naturales  |9 255232 
650 0 |a Minería  |9 326008 
650 7 |a SALITRERAS  |2 CL-VaPUC  |9 375452 
650 7 |a TRANSPORTE  |2 CL-VaPUC  |9 256365 
650 0 |a Ferrocarriles  |9 260933 
650 0 |a Beneficencia  |9 255180 
650 0 |a Educación  |9 258661 
650 0 |a Población  |9 257577 
650 0 |a Demografía   |9 260008 
650 0 |a Comercio  |9 255341 
650 0 |a Gobernadores  |9 323856 
650 7 |a COMUNICACIONES  |2 CL-VaPUC  |9 260778 
650 7 |a SANIDAD  |2 CL-VaPUC  |9 354577 
650 7 |a PESTES  |2 CL-VaPUC  |9 447357 
650 0 |a Viruelas  |9 507219 
650 0 |a Estadísticas  |9 258644 
650 0 |a Delincuencia  |9 335739 
650 0 |a Enfermedades  |9 263059 
650 7 |a EROGACIONES PUBLICAS  |2 CL-VaPUC  |9 507220 
650 7 |a FILANTROPOS  |2 CL-VaPUC  |9 507221 
650 0 |a Parroquias   |9 258927 
650 7 |a CENSO DE 1785  |2 CL-VaPUC  |9 507222 
651 0 |a Atacama   |9 319604 
651 0 |a Desierto de Atacama  |9 443691 
651 7 |a FREIRINA  |2 CL-VaPUC  |9 446018 
651 0 |a Copiapó  |9 314911 
651 7 |a CARRIZAL  |2 CL-VaPUC  |9 507223 
651 7 |a VALLENAR  |2 CL-VaPUC  |9 446017 
651 7 |a CALDERA  |2 CL-VaPUC  |9 504353 
651 7 |a PUEBLO HUNDIDO  |2 CL-VaPUC  |9 506827 
651 7 |a CHAÑARAL DE LAS ANIMAS  |2 CL-VaPUC  |9 507224 
583 |a last modification  |c 20070124 00:00:00  |k Rodrigo Vera 
999 |c 320274  |d 320272 
952 |0 0  |1 0  |4 0  |6 918_300000000000000_GOR_1878  |7 0  |8 X  |9 398763  |a FDOBUD  |b FDOBUD  |d 2019-11-22  |i 1014676  |o 918.3 GOR 1878  |p 1014676  |r 2019-11-22  |w 2019-11-22  |y BK_X  |k BUD